<?xml version="1.0" encoding="UTF-8"?>
<record
    xmlns:xsi="http://www.w3.org/2001/XMLSchema-instance"
    xsi:schemaLocation="http://www.loc.gov/MARC21/slim http://www.loc.gov/standards/marcxml/schema/MARC21slim.xsd"
    xmlns="http://www.loc.gov/MARC21/slim">

  <leader>00473nam a2200205Ia 4500</leader>
  <controlfield tag="008">230125s9999    xx            000 0 und d</controlfield>
  <datafield tag="020" ind1=" " ind2=" ">
    <subfield code="a">9780198746577</subfield>
  </datafield>
  <datafield tag="041" ind1=" " ind2=" ">
    <subfield code="a">eng</subfield>
  </datafield>
  <datafield tag="082" ind1=" " ind2=" ">
    <subfield code="a">330</subfield>
    <subfield code="b">LIP</subfield>
  </datafield>
  <datafield tag="100" ind1=" " ind2=" ">
    <subfield code="a">Lipsey</subfield>
    <subfield code="9">109168</subfield>
  </datafield>
  <datafield tag="245" ind1=" " ind2=" ">
    <subfield code="a">Economics</subfield>
  </datafield>
  <datafield tag="260" ind1=" " ind2=" ">
    <subfield code="c">2011</subfield>
    <subfield code="b">Oxford University Press</subfield>
    <subfield code="a">New Delhi</subfield>
  </datafield>
  <datafield tag="300" ind1=" " ind2=" ">
    <subfield code="a">612p</subfield>
  </datafield>
  <datafield tag="440" ind1=" " ind2=" ">
    <subfield code="v">5</subfield>
  </datafield>
  <datafield tag="500" ind1=" " ind2=" ">
    <subfield code="a">Economics;</subfield>
  </datafield>
  <datafield tag="650" ind1=" " ind2=" ">
    <subfield code="a">Economics</subfield>
  </datafield>
  <datafield tag="700" ind1=" " ind2=" ">
    <subfield code="a">Lipsey</subfield>
    <subfield code="9">109168</subfield>
  </datafield>
  <datafield tag="906" ind1=" " ind2=" ">
    <subfield code="b">29</subfield>
  </datafield>
  <datafield tag="999" ind1=" " ind2=" ">
    <subfield code="c">95173</subfield>
    <subfield code="d">95173</subfield>
  </datafield>
  <datafield tag="952" ind1=" " ind2=" ">
    <subfield code="0">0</subfield>
    <subfield code="1">0</subfield>
    <subfield code="4">0</subfield>
    <subfield code="7">0</subfield>
    <subfield code="a">HIMR</subfield>
    <subfield code="b">HIMR</subfield>
    <subfield code="d">2018-03-20</subfield>
    <subfield code="e">Pritam Book Centre</subfield>
    <subfield code="g">548.00</subfield>
    <subfield code="i">10584</subfield>
    <subfield code="l">0</subfield>
    <subfield code="o">330 LIP B16980</subfield>
    <subfield code="p">HIMR-BK-16980</subfield>
    <subfield code="r">2023-01-25 00:00:00</subfield>
    <subfield code="v">519.00</subfield>
    <subfield code="w">2018-03-19</subfield>
    <subfield code="y">BK</subfield>
    <subfield code="z">B16980</subfield>
  </datafield>
  <datafield tag="952" ind1=" " ind2=" ">
    <subfield code="0">0</subfield>
    <subfield code="1">0</subfield>
    <subfield code="4">0</subfield>
    <subfield code="7">0</subfield>
    <subfield code="a">HIMR</subfield>
    <subfield code="b">HIMR</subfield>
    <subfield code="d">2018-03-20</subfield>
    <subfield code="e">Pritam Book Centre</subfield>
    <subfield code="g">548.00</subfield>
    <subfield code="i">10584</subfield>
    <subfield code="l">0</subfield>
    <subfield code="o">330 LIP B16981</subfield>
    <subfield code="p">HIMR-BK-16981</subfield>
    <subfield code="r">2023-01-25 00:00:00</subfield>
    <subfield code="v">519.00</subfield>
    <subfield code="w">2018-03-19</subfield>
    <subfield code="y">BK</subfield>
    <subfield code="z">B16981</subfield>
  </datafield>
  <datafield tag="952" ind1=" " ind2=" ">
    <subfield code="0">0</subfield>
    <subfield code="1">0</subfield>
    <subfield code="4">0</subfield>
    <subfield code="7">0</subfield>
    <subfield code="a">HIMR</subfield>
    <subfield code="b">HIMR</subfield>
    <subfield code="d">2018-03-20</subfield>
    <subfield code="e">Pritam Book Centre</subfield>
    <subfield code="g">548.00</subfield>
    <subfield code="i">10584</subfield>
    <subfield code="l">0</subfield>
    <subfield code="o">330 LIP B16982</subfield>
    <subfield code="p">HIMR-BK-16982</subfield>
    <subfield code="r">2023-01-25 00:00:00</subfield>
    <subfield code="v">519.00</subfield>
    <subfield code="w">2018-03-19</subfield>
    <subfield code="y">BK</subfield>
    <subfield code="z">B16982</subfield>
  </datafield>
  <datafield tag="952" ind1=" " ind2=" ">
    <subfield code="0">0</subfield>
    <subfield code="1">0</subfield>
    <subfield code="4">0</subfield>
    <subfield code="7">0</subfield>
    <subfield code="a">HIMR</subfield>
    <subfield code="b">HIMR</subfield>
    <subfield code="d">2018-03-20</subfield>
    <subfield code="e">Pritam Book Centre</subfield>
    <subfield code="g">548.00</subfield>
    <subfield code="i">10584</subfield>
    <subfield code="l">0</subfield>
    <subfield code="o">330 LIP B16983</subfield>
    <subfield code="p">HIMR-BK-16983</subfield>
    <subfield code="r">2023-01-25 00:00:00</subfield>
    <subfield code="v">519.00</subfield>
    <subfield code="w">2018-03-19</subfield>
    <subfield code="y">BK</subfield>
    <subfield code="z">B16983</subfield>
  </datafield>
  <datafield tag="952" ind1=" " ind2=" ">
    <subfield code="0">0</subfield>
    <subfield code="1">0</subfield>
    <subfield code="4">0</subfield>
    <subfield code="7">0</subfield>
    <subfield code="a">HIMR</subfield>
    <subfield code="b">HIMR</subfield>
    <subfield code="d">2018-03-20</subfield>
    <subfield code="e">Pritam Book Centre</subfield>
    <subfield code="g">548.00</subfield>
    <subfield code="i">10584</subfield>
    <subfield code="l">0</subfield>
    <subfield code="o">330 LIP B16984</subfield>
    <subfield code="p">HIMR-BK-16984</subfield>
    <subfield code="r">2023-01-25 00:00:00</subfield>
    <subfield code="v">519.00</subfield>
    <subfield code="w">2018-03-19</subfield>
    <subfield code="y">BK</subfield>
    <subfield code="z">B16984</subfield>
  </datafield>
</record>
